LEADER 00808nam0-22002891i-450- 001 990004050490403321 005 20050913121603.0 010 $a88-215-2975-4 035 $a000405049 035 $aFED01000405049 035 $a(Aleph)000405049FED01 035 $a000405049 100 $a19990604d1995----km-y0itay50------ba 101 0 $aita 105 $ay-------001yy 200 1 $aModernismo$ei fatti, le idee, i personaggi$fMaurilio Guasco 210 $aCinisello Balsamo(MI)$cSan Paolo$dc1995. 215 $a214 p.$d21 cm 676 $a273.9$v21$zita 700 1$aGuasco,$bMaurilio$f<1939- >$0155121 801 0$aIT$bUNINA$gRICA$2UNIMARC 901 $aBK 912 $a990004050490403321 952 $a273.9 GUA 1$bBibl. 25258$fFLFBC 959 $aFLFBC 996 $aModernismo$9469115 997 $aUNINA LEADER 01317nam--2200385---450- 001 990001991100203316 005 20060125163151.0 035 $a000199110 035 $aUSA01000199110 035 $a(ALEPH)000199110USA01 035 $a000199110 100 $a20040908d1985----km-y0itay0103----ba 101 $aita 102 $aIT 105 $aa|||||||001yy 200 1 $a4. triennale internazionale degli strumenti ad arco$ecatalogo generale$eCremona 5-13 ottobre 1985$eCentro culturale citta di Cremona 210 $aCremona$cEnte triennale internazionale degli strumenti ad arco$d[1985?] 215 $a42 c.$cill.$d22 cm 410 0$12001 454 1$12001 461 1$1001-------$12001 606 0 $aStrumenti ad arco$xEsposizioni$z1985 606 0 $aEsposizioni$yCremona$z1985 676 $a781.91 710 12$aTriennale internazionale degli strumenti ad arco$d<4. ;$fCremona ;$e1985>$0566032 801 0$aIT$bsalbc$gISBD 912 $a990001991100203316 951 $aXIII.3.C. 57(VII M 200)$b22087 L.M.$cVII M 951 $aXIII.3.C. 57a(VII M 200bis)$b22086 LM$cVII M 959 $aBK 969 $aUMA 979 $aSIAV6$b10$c20040908$lUSA01$h1632 979 $aCOPAT5$b90$c20060125$lUSA01$h1631 996 $a4. triennale internazionale degli strumenti ad arco$91045719 997 $aUNISA